<?xml version="1.0" encoding="UTF-8"?><?xml-stylesheet type="text/xsl" href="static/style.xsl"?><OAI-PMH xmlns="http://www.openarchives.org/OAI/2.0/" xmlns:xsi="http://www.w3.org/2001/XMLSchema-instance" xsi:schemaLocation="http://www.openarchives.org/OAI/2.0/ http://www.openarchives.org/OAI/2.0/OAI-PMH.xsd"><responseDate>2026-04-17T04:31:47Z</responseDate><request verb="GetRecord" identifier="oai:www.recercat.cat:2099.1/19243" metadataPrefix="marc">https://recercat.cat/oai/request</request><GetRecord><record><header><identifier>oai:recercat.cat:2099.1/19243</identifier><datestamp>2025-07-22T19:34:28Z</datestamp><setSpec>com_2072_1033</setSpec><setSpec>col_2072_452951</setSpec></header><metadata><record xmlns="http://www.loc.gov/MARC21/slim" xmlns:dcterms="http://purl.org/dc/terms/" xmlns:xsi="http://www.w3.org/2001/XMLSchema-instance" xmlns:doc="http://www.lyncode.com/xoai" xsi:schemaLocation="http://www.loc.gov/MARC21/slim http://www.loc.gov/standards/marcxml/schema/MARC21slim.xsd">
   <leader>00925njm 22002777a 4500</leader>
   <datafield ind2=" " ind1=" " tag="042">
      <subfield code="a">dc</subfield>
   </datafield>
   <datafield ind2=" " ind1=" " tag="720">
      <subfield code="a">Arango Nader, Natalia</subfield>
      <subfield code="e">author</subfield>
   </datafield>
   <datafield ind2=" " ind1=" " tag="260">
      <subfield code="c">2012-07</subfield>
   </datafield>
   <datafield ind2=" " ind1=" " tag="520">
      <subfield code="a">La integración de la movilidad eléctrica en las ciudades es un tema de actualidad que, día a día,&#xd;
toma más fuerza. Los vehículos eléctricos se ven como una solución al alto nivel de contaminación&#xd;
que genera el sector transporte, como una manera de incentivar energías renovables y, así mismo,&#xd;
como un medio para disminuir la dependencia de combustibles fósiles.&#xd;
Por medio de este trabajo se busca evaluar la sostenibilidad de la implementación de una movilidad&#xd;
eléctrica urbana desarrollando un modelo MIVES (Modelo integrado de valor para evaluaciones&#xd;
sostenibles), que permita una toma de decisión desde el punto de vista sostenible a través del&#xd;
cálculo de un índice de valor, al aplicarlo a una ciudad de tamaño pequeño.&#xd;
El modelo que se elabora tiene en cuenta factores a nivel económico, ambiental, funcional y social&#xd;
que se consideran influyentes en la implementación de la movilidad eléctrica en la ciudad, y los&#xd;
cuales se determinaron a partir de la investigación realizada para la elaboración del estado del arte&#xd;
de este trabajo.&#xd;
Una vez elaborado el modelo MIVES, éste se aplica a tres posibles casos que se puedan presentar&#xd;
en una ciudad pequeña (30.000 habitantes), en los que se plantean una o varias alternativas a nivel&#xd;
de movilidad eléctrica y una a nivel de movilidad convencional de gasolina. Lo anterior se realiza&#xd;
con el fin de comparar el escenario actual (Gasolina) con el futuro (Eléctrico); y a partir de lo que se&#xd;
tiene actualmente concluir si lo que se planea implementar o se está implementando (Movilidad&#xd;
eléctrica) es sostenible o no.&#xd;
Como conclusión general de este trabajo se obtiene que la movilidad eléctrica, en los tres casos&#xd;
evaluados, presenta un índice de valor mayor que el de movilidad convencional de gasolina, lo que&#xd;
la cataloga como una alternativa sostenible, sin embargo, esta tiene aún muchas limitaciones a nivel&#xd;
económico. De igual manera, a nivel ambiental, se ve afectada por el origen de la energía&#xd;
suministrada para la recarga de los vehículos, la cual es muy variable y aún conserva muchos&#xd;
orígenes fósiles o térmicos, en el lugar de estudio.</subfield>
   </datafield>
   <datafield tag="653" ind2=" " ind1=" ">
      <subfield code="a">Àrees temàtiques de la UPC::Desenvolupament humà i sostenible::Desenvolupament sostenible::Mobilitat  sostenible</subfield>
   </datafield>
   <datafield tag="653" ind2=" " ind1=" ">
      <subfield code="a">Àrees temàtiques de la UPC::Energies::Energia elèctrica</subfield>
   </datafield>
   <datafield tag="653" ind2=" " ind1=" ">
      <subfield code="a">Electric vehicles--Environmental aspects</subfield>
   </datafield>
   <datafield tag="653" ind2=" " ind1=" ">
      <subfield code="a">Sustainable transportation</subfield>
   </datafield>
   <datafield tag="653" ind2=" " ind1=" ">
      <subfield code="a">Urban transportation--Environmental aspects</subfield>
   </datafield>
   <datafield tag="653" ind2=" " ind1=" ">
      <subfield code="a">Urbanismo</subfield>
   </datafield>
   <datafield tag="653" ind2=" " ind1=" ">
      <subfield code="a">Electricidad</subfield>
   </datafield>
   <datafield tag="653" ind2=" " ind1=" ">
      <subfield code="a">Vehículos eléctricos</subfield>
   </datafield>
   <datafield tag="653" ind2=" " ind1=" ">
      <subfield code="a">Sostenibilidad</subfield>
   </datafield>
   <datafield tag="653" ind2=" " ind1=" ">
      <subfield code="a">Mobilitat sostenible</subfield>
   </datafield>
   <datafield tag="653" ind2=" " ind1=" ">
      <subfield code="a">Vehicles elèctrics -- Aspectes ambientals</subfield>
   </datafield>
   <datafield ind2="0" ind1="0" tag="245">
      <subfield code="a">Evaluación de la sostenibilidad de la movilidad eléctrica urbana a través de un modelo MIVES</subfield>
   </datafield>
</record></metadata></record></GetRecord></OAI-PMH>